Crecimiento y permanencia en las organizaciones Un anl̀isis de los factores endg̤enos y exg̤enos /

Detalles Bibliográficos
Autor Corporativo: Universidad Autn̤oma de Aguas Calientes
Formato: Libro
Lenguaje:español
Publicado: Mx̌ico Universidad Autn̤oma de Aguas Calientes 2013
Materias:
Acceso en línea:Acceso restringido

MARC

LEADER 00000nam a22000007a 4500
005 20151013135010.0
007 cr|||| ||u|
008 151013s2013 mx ||||| |||| 00||0 spa d
020 |a 978-607-8359-44-8 
035 |a 12878 
040 |a vLex 
090 |c 5595  |d 5595 
245 1 0 |a Crecimiento y permanencia en las organizaciones  |h [Recurso electrn̤ico] :  |b Un anl̀isis de los factores endg̤enos y exg̤enos /  |c Universidad Autn̤oma de Aguas Calientes 
256 |a Servicio en ln̕ea 
260 |a Mx̌ico  |b Universidad Autn̤oma de Aguas Calientes  |c 2013 
300 |a 1 recurso electrn̤ico (210 p.) 
506 |a Contenido disponible solo en los recursos indicados  |d vLex Global  |d vLex Global (Academic Edition, excluding Law Schools)  |d vLex Global (U.S. Academic Edition, Law Schools)  |d vLex Global (U.S. Academic Edition, excluding Law Schools)  |d vLex Global (Academic Edition, Law Schools) 
650 0 4 |a Empresas  |z Mx̌ico 
710 1 |a Universidad Autn̤oma de Aguas Calientes 
740 0 |a vLex libros (servicio en ln̕ea) 
856 4 0 |u http://vlex.com/source/crecimiento-permanencia-organizaciones-12878  |z Acceso restringido 
942 |c BOOK 
999 0 |a Business enterprises